Least Guessed Countries by Letter - Statistics

General Stats
  • This quiz has been taken 4,128 times
    3,954 since last reset
  • The average score is 17 of 24
Answer Stats
Letter Country % Correct
Y Yemen
92%
O Oman
91%
Q Qatar
91%
Z Zambia
91%
V Vanuatu
80%
T Tuvalu
79%
F Fiji
78%
P Palau
77%
N Nauru
76%
K Kiribati
74%
R Rwanda
74%
A Antigua and Barbuda
73%
D Djibouti
72%
J Jordan
71%
U Uganda
70%
H Honduras
69%
C Comoros
64%
M Marshall Islands
61%
E East Timor
60%
G Grenada
58%
S Sao Tome and Principe
58%
B Burundi
56%
L Lesotho
53%
I Israel
45%
No matching quizzes found
Score Distribution
Percent of People with Each Score
Percentile by Number Answered
Your Score History
You have not taken this quiz since the last reset